| 000 | 01293nam a22003617a 4500 | ||
|---|---|---|---|
| 003 | CHAP | ||
| 005 | 20220817041321.0 | ||
| 008 | 971013s1985 r 00010 d | ||
| 010 | _a11134 | ||
| 011 | _a12106 | ||
| 035 | _a14169 | ||
| 040 | _cCHAP | ||
| 090 | _aFolleto 10178 | ||
| 100 | 0 | 0 |
_aLópez García, Héctor. _967904 |
| 245 | 1 | _aPeruano P-80 y negro Sinaloa nuevas variedades de frijol para el noroeste de México | |
| 260 |
_aCuliacán, Sin. : _bINIA. Campo Agrícola Experimental Valle de Culiacán, _c1985 |
||
| 300 | _a8 p. | ||
| 490 |
_aINIA. Folleto técnico _v; 6 |
||
| 590 |
_aBATCH-UPD _b10 _c20130110 _lUCH01 _h0016 |
||
| 590 |
_aBATCH-UPD _b10 _c20130110 _lUCH01 _h1428 |
||
| 590 |
_aBATCH-UPD _b10 _c20130409 _lUCH01 _h1955 |
||
| 590 |
_aBATCH-UPD _b10 _c20130410 _lUCH01 _h0907 |
||
| 590 |
_aBATCH-UPD _b10 _c20130914 _lUCH01 _h1439 |
||
| 590 |
_aCONVERSION _b10 _c20130109 _lUCH01 _h1307 |
||
| 650 | 1 | 4 |
_aFrijol _xVariedades. _943446 |
| 700 | 0 | _aHernández R., Fernando Francisco. | |
| 830 | 0 |
_aINIA. Folleto técnico _v; 6 _958463 |
|
| 901 | _aBK | ||
| 942 | _cFOLL | ||
| 949 |
_aFolleto 10178 _bBC _cFOLL _d-88826 _eTS1 _i14169 _mD _si |
||
| 949 |
_aFolleto 10178 _bBC _cFOLL _d-88827 _eTS2 _fc.2 _i14169 _mD _si |
||
| 949 |
_aFolleto 10178 _bBC _cFOLL _d-88828 _eTS2 _fc.3 _i14169 _mD _si |
||
| 999 |
_c11134 _d11134 |
||